000 01263nam a2200229Ia 4500
999 _c52394
_d52394
001 19414
003 GE_BSU
005 20200311183914.0
008 181216s1938||||ge |||||||||||||| ||geo||
040 _cGE_BSU
041 _ageo
080 _a811.353.1(058) მ-80
245 _a აკად. ნ. მარის სახელობის ენის, ისტორიისა და მატერიალუ-რი კულტურის ინსტიტუტის მოამბე Известия института языка, истории и материальной культуры им. акад. Н.Я. Марра = Bulletin De L'Institut Marr De Langues, D'Histoire et De Culture Materielle :
_bმოამბე IV (1)
_cრედ. სიმონ ჯანაშია.
264 _aტფილისი :
_bმეცნ. აკად. საქ. ფილიალის გამ-ბა,
_c1938.
300 _a72 გვ. ;
_c24 სმ.
520 _a(ენიმკის) მოამბე
541 _h60თ.
653 _aენათმეცნიერება
653 _aმოამბე IV (1)
700 _aჯანაშია, სიმონ
_eრედაქტორი
_97707
942 _cBK
_2udc